000 00797nam a2200229Ii 4500
003 JO-AjNU
008 230605s9999||||xx |||||||||||||| ||und||
017 _a43836
020 _a978-9957-957-78-0
040 _aJO-AjNU
_bara
_erda
_cJO-AjNU
041 _aara
050 1 4 _aQ180.2020
100 3 _aابو عقل، ابراهيم ابراهيم,
_eauthor
_961598
245 0 0 _aالبحث العلمي: مناهجة، تصميمه، اساليبه الاحصائية
250 _aط1
264 3 1 _aعمان: دار الايام للنشر والتوزيع، 2020
300 _a242ص
336 _atext
_btxt
_2rdacontent
337 _aunmediated
_bn
_2rdamedia
338 _avolume
_bnc
_2rdacarrier
650 4 _aالبحث العلمي-اساليب البحث-ادوات البحث
_961599
999 _aA27851
_c31419
_d31419